[Event "FIDE Grand Prix Palma 2017"]
[Site "Palma de Mallorca"]
[Date "2017.11.23"]
[Round "7"]
[White "Rapport, Richard"]
[Black "Aronian, Levon"]
[Result "1/2-1/2"]
[WhiteElo "2692"]
[BlackElo "2801"]
[Annotator "RC"]
[PlyCount "157"]
[EventDate "2017.??.??"]
[EventType "swiss"]
[EventCountry "ESP"]
[SourceTitle "playchess.com"]
[Source "ChessBase"]
[SourceQuality "1"]
[TimeControl "40/6000+30:20/3000+30:900+30"]

1. Nf3 {[%emt 0:00:00]} d5 {[%emt 0:00:11]} 2. g3 {[%emt 0:00:00]} Nf6 {[%emt 0:00:16]} 3. Bg2 {[%emt 0:00:06]} e6 {[%emt 0:00:04]} 4. O-O {[%emt 0:00:08]} Be7 {[%emt 0:00:03]} 5. c4 {[%emt 0:00:48]} O-O {[%emt 0:00:07]} 6. d4 {[%emt 0:00:05]} dxc4 {[%emt 0:00:04]} 7. Qc2 {[%emt 0:00:12]} a6 {[%emt 0:00:11]} 8. a4 {[%emt 0:00:09]} Bd7 {[%emt 0:00:09]} 9. Rd1 {[%emt 0:00:09]} Bc6 {[%emt 0:00:11]} 10. Bg5 {[%emt 0:00:08]} a5 {[%emt 0:00:49]} 11. Nbd2 {[%emt 0:00:10]} Na6 {[%emt 0:00:52]} 12. Nxc4 {[%emt 0:00:10]} Nb4 {[%emt 0:00:03]} 13. Qb3 {[%emt 0:00:08]} Nd7 {[%emt 0:03:49]} 14. Bxe7 {[%emt 0:18:31]} Qxe7 {[%emt 0:00:05]} 15. Qa3 {[%emt 0:00:44]} Rfd8 {[%emt 0:05:20]} 16. Rac1 {[%emt 0:01:24]} Nd5 {[%emt 0:01:34]} 17. Qa1 {[%emt 0:10:10]} N5f6 {[%emt 0:11:37]} 18. b3 {[%emt 0:03:44]} Qb4 {[%emt 0:06:01]} 19. Ncd2 {[%emt 0:08:32]} Rac8 {[%emt 0:03:52]} 20. e3 {[%emt 0:08:48]} Ne4 {[%emt 0:15:03]} 21. Nc4 {[%emt 0:12:36]} Nd6 {[%emt 0:03:03]} 22. Ne1 {[%emt 0:02:03]} Bxg2 {[%emt 0:01:14]} 23. Kxg2 {[%emt 0:00:49]} Nxc4 {[%emt 0:11:37]} 24. bxc4 {[%emt 0:01:18]} Qe7 {[%emt 0:01:46]} 25. Nd3 {[%emt 0:10:19]} c5 {[%emt 0:01:10]} 26. Qa3 {[%emt 0:00:27]} Kf8 {[%emt 0:02:07]} 27. Qb3 {[%emt 0:01:37]} b6 {[%emt 0:03:15]} 28. Qb5 {[%emt 0:02:14]} cxd4 {[%emt 0:03:58]} 29. exd4 {[%emt 0:00:15]} Qd6 {[%emt 0:00:17]} 30. Nf4 {[%emt 0:06:35]} Qc6+ {[%emt 0:01:46]} 31. Qxc6 {[%emt 0:00:26]} Rxc6 {[%emt 0:00:04]} 32. d5 {[%emt 0:00:04]} Rd6 {[%emt 0:01:27]} 33. dxe6 {[%emt 0:01:50]} Nc5 {[%emt 0:00:46]} 34. e7+ {[%emt 0:00:05]} Kxe7 {[%emt 0:00:06]} 35. Nd5+ {[%emt 0:00:05]} Kf8 {[%emt 0:01:07]} 36. Ra1 {[%emt 0:00:06]} Rc8 {[%emt 0:00:39]} 37. Rdb1 {[%emt 0:02:27]} Nd7 {[%emt 0:00:50]} 38. Ne3 {[%emt 0:00:05]} Ne5 {[%emt 0:00:37]} 39. Rc1 {[%emt 0:02:09]} Rd2 {[%emt 0:01:19]} 40. Rcb1 {[%emt 0:00:00]} Nd3 {[%emt 0:18:46]} 41. Rf1 {[%emt 0:30:47]} g6 {[%emt 0:07:47]} 42. Ra3 {[%emt 0:12:37]} Rc6 {[%emt 0:02:19]} 43. Rb3 {[%emt 0:00:34]} Nc5 {[%emt 0:00:20]} 44. Ra3 {[%emt 0:00:26]} Ne4 {[%emt 0:00:50]} 45. Raa1 {[%emt 0:01:47]} Rf6 {[%emt 0:06:53]} 46. Ng4 {[%emt 0:00:48]} Rfd6 {[%emt 0:00:56]} 47. Ne3 {[%emt 0:00:39]} Rf6 {[%emt 0:09:31]} 48. Ng4 {[%emt 0:00:05]} Rf5 {[%emt 0:01:18]} 49. Rfd1 {[%emt 0:02:58]} Rc5 {[%emt 0:06:53]} 50. Rxd2 {[%emt 0:04:10]} Nxd2 {[%emt 0:00:05]} 51. Nf6 {[%emt 0:00:10]} Ke7 {[%emt 0:08:53]} 52. Nd5+ {[%emt 0:01:04]} Kd6 {[%emt 0:00:06]} 53. Rd1 {[%emt 0:00:54]} Nxc4 {[%emt 0:00:59]} 54. Nxb6+ {[%emt 0:00:08]} Kc6 {[%emt 0:01:05]} 55. Nd7 {[%emt 0:00:31]} Rd5 {[%emt 0:01:49]} 56. Rc1 {[%emt 0:00:49]} Rd4 {[%emt 0:03:26]} 57. Ne5+ {[%emt 0:00:21]} Kc5 {[%emt 0:00:04]} 58. Nxf7 {[%emt 0:03:51]} Kb4 {[%emt 0:00:04]} 59. Ng5 {[%emt 0:00:26]} Nd2 {[%emt 0:00:29]} 60. Ne6 {[%emt 0:00:00]} Rc4 {[%emt 0:02:30]} 61. Ra1 {[%emt 0:06:06]} Kb3 {[%emt 0:05:31]} 62. f4 {[%emt 0:01:21]} Kb2 {[%emt 0:00:47]} 63. Re1 {[%emt 0:00:34]} Rxa4 {[%emt 0:01:19]} 64. Re5 {[%emt 0:03:08]} Kc3 {[%emt 0:04:17]} 65. f5 {[%emt 0:03:46]} Nc4 {[%emt 0:01:37]} 66. Rc5 {[%emt 0:00:17]} gxf5 {[%emt 0:00:30]} 67. Kh3 {[%emt 0:00:42]} Ra2 {[%emt 0:02:03]} 68. Rxf5 {[%emt 0:00:48]} a4 {[%emt 0:00:22]} 69. Nc7 {[%emt 0:01:56]} Rd2 {[%emt 0:01:13]} 70. Rf8 {[%emt 0:03:52]} Rd7 {[%emt 0:10:17]} 71. Nb5+ {[%emt 0:00:34]} Kb4 {[%emt 0:00:23]} 72. Rb8 {[%emt 0:00:06]} Kc5 {[%emt 0:02:44]} 73. Nc3 {[%emt 0:02:15]} a3 {[%emt 0:00:03]} 74. Rb5+ {[%emt 0:00:52]} Kd4 {[%emt 0:00:43]} 75. Rb3 {[%emt 0:00:18]} Ke5 {[%emt 0:01:26]} 76. Rb5+ {[%emt 0:01:26]} Kd4 {[%emt 0:00:05]} 77. Rb3 {[%emt 0:00:04]} Ra7 {[%emt 0:01:17]} 78. Nb5+ {[%emt 0:00:12]} Kc5 {[%emt 0:00:04]} 79. Rxa3 {[%emt 0:00:46]} 1/2-1/2

[Event "FIDE Grand Prix Palma 2017"]
[Site "Palma de Mallorca"]
[Date "2017.11.23"]
[Round "7"]
[White "Inarkiev, Ernesto"]
[Black "Vallejo Pons, Francisco"]
[Result "1/2-1/2"]
[WhiteElo "2683"]
[BlackElo "2705"]
[Annotator "TA"]
[PlyCount "98"]
[EventDate "2017.??.??"]
[EventType "swiss"]
[EventCountry "ESP"]
[SourceTitle "playchess.com"]
[Source "ChessBase"]
[SourceQuality "1"]

{[%evp 21,98,14,14,16,22,13,20,18,13,26,28,20,30,7,30,23,34,0,0,0,0,0,0,0,0,0,0,0,0,0,0,-2,0,-36,-32,-46,-50,-46,0,0,0,0,0,0,0,0,15,35,15,0,0,0,0,0,0,0,0,0,0,-58,-39,-35,0,0,0,0,0,0,0,0,0,0,0,0,18,0,0,0,15]} 1. e4 e6 2. d4 d5 3. Nc3 Bb4 4. e5 c5 5. a3 Ba5 6. b4 cxd4 7. Qg4 Kf8 {C18: French: 3 Nc3 Bb4: Main line: 7 h4 and 7 Qg4} 8. Nb5 Bb6 9. Nf3 Nc6 10. Bb2 Nge7 11. Bd3 Ng6 {LiveBook: 5 Games} 12. Qg3 f6 {[%cal Rg6e5]} 13. Bxg6 ({Don't play} 13. Nbxd4 Ncxe5 14. Nxe5 Nxe5 $17) 13... hxg6 14. Nbxd4 Nxd4 $146 ({Predecessor:} 14... Nxe5 15. Nxe5 fxe5 16. Qxe5 {1-0 (59) Shankland,S (2679)-Ashwin,J (2468) Atlantic City 2016}) 15. Bxd4 Kf7 16. O-O Bd7 17. Rfe1 Rc8 18. c3 g5 19. Re3 Bxd4 20. cxd4 Rh5 21. exf6 gxf6 22. Rae1 Qc7 23. Qg4 Rch8 {[%cal Rh5h2]} 24. Rxe6 Bxe6 25. Qxe6+ Kg7 {[%cal Rh5h2]} 26. h3 ({Don't go for} 26. Qxd5 $2 g4 $19) 26... Qf7 {[#] ...Qxe6 is the strong threat.} 27. Qd6 Re8 $1 28. Rc1 Qe6 29. Qg3 Rh7 30. h4 Reh8 31. Rc7+ Kf8 $1 {[%cal Rh7h4] [#] And now ...Rxh4 would win.} 32. Rxh7 Rxh7 33. hxg5 $11 {[%mdl 4096] Endgame KQR-KQN} Qe4 34. Qd6+ Ke8 $1 35. Qb8+ Kf7 36. Qc7+ Kg6 {( -> ...Qb1+)} 37. Qc1 Rh5 38. Qd1 Rh8 39. gxf6 $1 Kxf6 40. Ne5 (40. Qc1 $11) 40... Ke6 {[%mdl 1024] Black has compensation.} 41. Ng4 Kd6 42. f3 $1 {[%cal Rf3e4] The position is equal.} Qf4 43. Kf2 Rf8 44. Ne3 Qh4+ 45. Ke2 Re8 46. Qd3 Qg5 {White must now prevent ...Qxg2+.} 47. Kf2 Qh4+ 48. Ke2 Qg5 {Threatens to win with ...Qxg2+.} 49. Kf2 Qh4+ {Precision: White = 67%, Black = 70%.} 1/2-1/2

[Event "FIDE Grand Prix Palma 2017"]
[Site "Palma de Mallorca"]
[Date "2017.11.23"]
[Round "7"]
[White "Riazantsev, Alexander"]
[Black "Gelfand, Boris"]
[Result "0-1"]
[WhiteElo "2651"]
[BlackElo "2719"]
[Annotator "TA"]
[PlyCount "80"]
[EventDate "2017.??.??"]
[EventType "swiss"]
[EventCountry "ESP"]
[SourceTitle "playchess.com"]
[Source "ChessBase"]
[SourceQuality "1"]

{[%evp 19,80,6,15,8,18,12,12,8,16,9,33,11,17,0,0,0,0,0,0,0,0,-7,0,-27,-41,-31,-46,-66,-64,-71,-71,-233,-223,-222,-110,-362,-380,-354,-235,-386,-387,-586,-583,-845,-857,-828,-760,-768,-534,-816,-789,-659,-574,-708,-781,-1034,-1036,-914,-12814,-6322,-4827,-1408,-1301]} 1. d4 Nf6 2. c4 e6 3. g3 Bb4+ 4. Nd2 O-O 5. Bg2 d5 6. Ngf3 b6 7. O-O Bb7 8. a3 Be7 9. cxd5 exd5 10. b4 {E16: Queen's Indian: 4 g3 Bb7 5 Bg2 Bb4+} a5 {LiveBook: 4 Games} 11. b5 c6 12. bxc6 {The position is equal.} Nxc6 13. Bb2 (13. e3 b5 14. Ne5 Bd6 15. Bb2 a4 16. Qb1 Rb8 17. Bc3 Ba8 18. Nxc6 Bxc6 {½-½ (69) Wei,Y (2728)-Yu,Y (2749) Beijing 2017}) 13... a4 $146 ({Predecessor:} 13... b5 14. Ne5 b4 15. axb4 Bxb4 16. Nd3 Qb6 17. Rb1 Ba6 {½-½ (39) Danielian,V (2289)-Vlasov,E (2155) St Petersburg 1999}) 14. Qb1 b5 15. Ne5 Qb6 16. Nxc6 Bxc6 17. Bc3 Rfc8 18. e3 Bd7 19. Bb4 Bxb4 20. Qxb4 Rc7 21. Nf3 Rac8 22. Ne5 Bf5 23. Ra2 Ne4 24. Rb2 Nc3 25. Ra1 $2 {[#]} (25. g4 $17 Bg6 26. f3) 25... f6 $19 26. Nf3 Kf7 27. Rd2 $2 {[%mdl 8192]} (27. Nd2 $17 {only move.}) 27... Rc4 28. Qb2 Ne4 29. Re2 $2 {[#]} (29. Ne1 {was necessary.}) 29... b4 30. Nh4 (30. Ne1 $142 b3 31. g4 Bxg4 32. f3) 30... Bg4 {Black is clearly winning.} 31. h3 Bxe2 32. Qxe2 g6 33. axb4 Qxb4 {Strongly threatening ...Rc1+.} 34. Qg4 {intending Qd7+.} Qb7 35. Bxe4 dxe4 36. Kg2 Rc2 37. d5 Rxf2+ 38. Kg1 f5 39. Qd1 Rcc2 40. Qd4 Qb2 {Precision: White = 32%, Black = 83%.} 0-1

[Event "FIDE Grand Prix Palma 2017"]
[Site "Palma de Mallorca"]
[Date "2017.11.24"]
[Round "8"]
[White "Aronian, Levon"]
[Black "Tomashevsky, Evgeny"]
[Result "1/2-1/2"]
[WhiteElo "2801"]
[BlackElo "2702"]
[Annotator "TA"]
[PlyCount "33"]
[EventDate "2017.??.??"]
[EventType "swiss"]
[EventCountry "ESP"]
[SourceTitle "playchess.com"]
[Source "ChessBase"]
[SourceQuality "1"]

{[%evp 24,33,16,18,30,25,26,31,40,31,28,30]} 1. d4 Nf6 2. c4 e6 3. Nf3 b6 4. g3 Bb7 5. Bg2 Be7 6. O-O O-O 7. Nc3 Ne4 8. Bd2 Bf6 9. Ne5 {E18: Damenindisch (Hauptfortsetzung)} Nxc3 10. Bxc3 Bxg2 11. Kxg2 c5 12. Nf3 cxd4 13. Bxd4 {[#] LiveBook: 3 Partien} Na6 $146 ({Vorgänger:} 13... Be7 14. Qd3 d6 15. Qc3 e5 16. Be3 Nd7 {½-½ (43) Aronian,L (2809)-Grischuk,A (2764) London 2013}) 14. Bxf6 Qxf6 15. Qd4 Qxd4 16. Nxd4 Rfc8 17. b3 1/2-1/2

[Event "FIDE Grand Prix Palma 2017"]
[Site "Palma de Mallorca"]
[Date "2017.11.24"]
[Round "8"]
[White "Nakamura, Hikaru"]
[Black "Harikrishna, Pentala"]
[Result "1/2-1/2"]
[WhiteElo "2780"]
[BlackElo "2738"]
[Annotator "TA"]
[PlyCount "81"]
[EventDate "2017.??.??"]
[EventType "swiss"]
[EventCountry "ESP"]
[SourceTitle "playchess.com"]
[Source "ChessBase"]
[SourceQuality "1"]

{[%evp 20,81,35,22,27,25,19,24,26,31,36,51,74,72,98,47,36,27,76,20,24,0,66,66,62,44,57,48,49,43,44,41,57,44,64,0,0,0,0,0,0,-3,-7,-4,0,0,0,0,0,0,0,0,0,0,0,0,0,0,0,0,0,0,0,0]} 1. e4 c5 2. Nf3 e6 3. d4 cxd4 4. Nxd4 Nc6 5. Nc3 Qc7 6. f4 a6 7. a3 b5 8. Be3 Bb7 {B48: Sicilian: Taimanov: 5 Nc3 Qc7 6 Be3 a6 without Be2} 9. Nb3 (9. Bd3 Nxd4 10. Bxd4 Nf6 11. Qf3 Bc5 12. Bxc5 Qxc5 13. O-O-O Rc8 14. Qg3 O-O 15. e5 Nh5 16. Qh4 {1-0 (31) Savchenko,B (2608)-Grachev,B (2673) Moscow 2014}) 9... Na5 10. Nxa5 Qxa5 11. Bd3 {LiveBook: 3 Games} Qc7 12. O-O Nf6 13. Qe2 $146 ({Predecessor:} 13. Kh1 h5 14. e5 Ng4 15. Bg1 {½-½ (44) Lorenz,N (1923)-Jahn,C (2116) Germany 2016}) 13... Bc5 14. Bxc5 Qxc5+ 15. Kh1 d5 16. e5 Nd7 {[#]} 17. Qg4 ({White should try} 17. f5 $1 $16) 17... g6 $14 18. Ne2 a5 19. h4 (19. Qh4 $16) 19... b4 $1 $11 20. axb4 axb4 (20... Qxb4 $11 21. c3 Qb6) 21. Rxa8+ $14 Bxa8 22. Ra1 Bb7 23. Kh2 Qb6 24. h5 Nc5 25. Qh4 {Strongly threatening hxg6.} Rg8 26. Qf2 d4 27. hxg6 ({Much weaker is} 27. Nxd4 Nxd3 28. cxd3 gxh5 $15) ({Much worse is} 27. Qxd4 gxh5 28. Rg1 Qc6 $11) ({White should play} 27. h6 $14) 27... hxg6 $11 {The position is equal.} 28. Qxd4 ({But not} 28. Nxd4 Nxd3 29. cxd3 g5 $15) 28... Qc6 {[%csl Gb7][%cal Rc6g2] [#]} 29. Qf2 g5 30. Rd1 Nxd3 31. cxd3 Qc2 32. Rf1 Qxd3 33. fxg5 Qh7+ 34. Kg1 Rxg5 35. Ng3 Qg6 36. Qa7 {Black must now prevent Qb8+.} Rxg3 37. Qb8+ Ke7 38. Qd6+ Ke8 39. Qb8+ Ke7 40. Qd6+ Ke8 41. Qb8+ {Precision: White = 72%, Black = 82%.} 1/2-1/2

[Event "FIDE Grand Prix Palma 2017"]
[Site "Palma de Mallorca"]
[Date "2017.11.24"]
[Round "8"]
[White "Svidler, Peter"]
[Black "Ding, Liren"]
[Result "1/2-1/2"]
[WhiteElo "2763"]
[BlackElo "2774"]
[Annotator "TA"]
[PlyCount "52"]
[EventDate "2017.??.??"]
[EventType "swiss"]
[EventCountry "ESP"]
[SourceTitle "playchess.com"]
[Source "ChessBase"]
[SourceQuality "1"]

{[%evp 23,52,16,13,4,13,0,0,-16,-6,-9,0,-22,-16,-51,-2,-20,-17,-18,-3,-16,-16,-18,-19,-16,-16,-14,-21,-38,0,0,-1]} 1. c4 Nf6 2. Nc3 e6 3. e4 d5 4. e5 d4 5. exf6 dxc3 6. bxc3 Qxf6 7. d4 b6 8. Be2 {A18: English Opening: Flohr-Mikenas System (1 c4 Nf6 2 Nc3 e6 3 e4)} Bb7 9. Bf3 Bxf3 10. Nxf3 Bd6 11. Qa4+ c6 12. O-O O-O {LiveBook: 10 Games} 13. Rb1 Bc7 14. Re1 Rc8 15. Kh1 {[#]} Qf5 $146 ({Predecessor:} 15... h6) 16. Be3 h6 17. h3 a6 18. d5 exd5 19. Bxb6 Bxb6 20. Rxb6 Nd7 {[%cal Bb8d7,Bd7c5,Bc5d3][%mdl 32]} 21. Rxc6 Nc5 22. Rxc8+ Rxc8 23. Qa5 dxc4 24. Kg1 Qf6 25. Nd4 Nd3 26. Qf5 Qxf5 {Precision: White = 31%, Black = 69%.} 1/2-1/2

[Event "FIDE Grand Prix Palma 2017"]
[Site "Palma de Mallorca"]
[Date "2017.11.24"]
[Round "8"]
[White "Li, Chao b"]
[Black "Giri, Anish"]
[Result "1-0"]
[WhiteElo "2741"]
[BlackElo "2762"]
[Annotator "TA"]
[PlyCount "79"]
[EventDate "2017.??.??"]
[EventType "swiss"]
[EventCountry "ESP"]
[SourceTitle "playchess.com"]
[Source "ChessBase"]
[SourceQuality "1"]

{[%evp 23,79,18,18,20,31,20,22,32,31,23,29,37,30,31,37,12,31,0,0,0,95,90,54,62,101,89,124,117,124,109,109,119,184,182,166,162,156,53,79,20,124,19,128,132,139,109,300,311,302,305,277,274,648,648,645,602,582,577]} 1. d4 d5 2. c4 c6 3. cxd5 cxd5 4. Nf3 Nf6 5. Nc3 Nc6 6. Bf4 Bf5 7. e3 e6 8. Qb3 Bb4 9. Ne5 {D14: Slav Defence: Exchange variation with ...Bf5} Qb6 10. Nxc6 bxc6 11. Be2 Ne4 12. f3 Nxc3 {LiveBook: 20 Games} 13. bxc3 Be7 14. c4 Qxb3 15. axb3 Bb4+ 16. Kf2 a5 {[#]} 17. Rhc1 $146 Kd7 18. g4 Bg6 19. cxd5 exd5 20. e4 dxe4 21. d5 $36 {[%mdl 2048] White has some pressure.} c5 (21... cxd5 $11 22. Rc7+ Ke8) 22. Bb5+ $16 {[%mdl 1024] White has strong compensation.} Kd8 23. Bd6 Rc8 24. Bc6 h5 25. g5 $1 exf3 26. Bxc5 Bxc5+ 27. Rxc5 Re8 (27... Ke7 $16 {was called for.}) 28. Rcxa5 $18 ({But not} 28. Kxf3 $6 Re5 $16) 28... Re2+ 29. Kxf3 Rxh2 {[#]} 30. b4 (30. Ra7 $1 $16 {Re1 would kill now.} Rb8 31. Kf4) 30... Kc7 31. b5 (31. Ra7+ $16 Kd6 32. Re1) 31... Rh3+ (31... Kd6 $11) 32. Kf2 (32. Kg2 $16 Rb3 33. Ra7+ Kd6 34. Rd7+ Ke5 35. Rd1) 32... Rb3 (32... Kd6 $11 {remains equal.}) 33. Ra7+ $16 Kd6 34. Rd7+ Kc5 $2 (34... Ke5 $16) 35. Rc1+ $18 Kd4 {[#]} 36. d6 $1 {[%cal Bd5d6,Bd6d7][%mdl 32]} Rb2+ 37. Kg1 Bf5 $2 (37... Ke5 38. Rd1 Kf4) 38. Rxf7 {White is clearly winning.} g6 39. d7 Rd8 40. Re7 {Precision: White = 63%, Black = 51%.} 1-0

[Event "FIDE Grand Prix Palma 2017"]
[Site "Palma de Mallorca"]
[Date "2017.11.24"]
[Round "8"]
[White "Gelfand, Boris"]
[Black "Radjabov, Teimour"]
[Result "0-1"]
[WhiteElo "2719"]
[BlackElo "2741"]
[Annotator "ChessBase"]
[PlyCount "96"]
[EventDate "2017.??.??"]
[EventType "swiss"]
[EventCountry "ESP"]
[SourceTitle "playchess.com"]
[Source "ChessBase"]
[SourceQuality "1"]
[TimeControl "40/6000+30:20/3000+30:900+30"]

1. d4 {[%emt 0:00:00]} Nf6 {[%emt 0:00:05]} 2. c4 {[%emt 0:00:00]} e6 {[%emt 0:00:06]} 3. Nf3 {[%emt 0:00:01]} b6 {[%emt 0:00:34]} 4. g3 {[%emt 0:01:04]} Bb7 {[%emt 0:00:04]} 5. Bg2 {[%emt 0:00:09]} Be7 {[%emt 0:00:05]} 6. O-O {[%emt 0:01:29]} O-O {[%emt 0:00:04]} 7. Nc3 {[%emt 0:00:14]} Ne4 {[%emt 0:00:26]} 8. Bd2 {[%emt 0:00:34]} Nxd2 {[%emt 0:00:18]} 9. Qxd2 {[%emt 0:01:17]} d6 {[%emt 0:01:23]} 10. Rad1 {[%emt 0:21:21]} Nd7 {[%emt 0:04:07]} 11. Rfe1 {[%emt 0:00:14]} c5 {[%emt 0:06:23]} 12. e4 {[%emt 0:16:20]} a6 {[%emt 0:05:46]} 13. d5 {[%emt 0:18:18]} e5 {[%emt 0:01:28]} 14. b3 {[%emt 0:01:00]} g6 {[%emt 0:03:25]} 15. Rf1 {[%emt 0:00:13]} Bc8 {[%emt 0:06:57]} 16. Ne1 {[%emt 0:02:16]} Rb8 {[%emt 0:04:29]} 17. a4 {[%emt 0:01:36]} f5 {[%emt 0:05:44]} 18. f4 {[%emt 0:00:26]} exf4 {[%emt 0:06:50]} 19. gxf4 {[%emt 0:01:46]} fxe4 {[%emt 0:04:46]} 20. Nxe4 {[%emt 0:00:22]} b5 {[%emt 0:02:31]} 21. a5 {[%emt 0:09:16]} bxc4 {[%emt 0:03:58]} 22. bxc4 {[%emt 0:01:00]} Rb4 {[%emt 0:02:37]} 23. Rc1 {[%emt 0:04:38]} Nf6 {[%emt 0:04:53]} 24. Ng5 {[%emt 0:08:03]} Qxa5 {[%emt 0:03:46]} 25. Nd3 {[%emt 0:04:55]} Ra4 {[%emt 0:02:28]} 26. Qe3 {[%emt 0:00:39]} Qd8 {[%emt 0:01:56]} 27. Rce1 {[%emt 0:01:12]} Bf5 {[%emt 0:07:09]} 28. Bh3 {[%emt 0:02:43]} Nxd5 {[%emt 0:07:19]} 29. cxd5 {[%emt 0:01:56]} Bxg5 {[%emt 0:00:49]} 30. Bxf5 {[%emt 0:00:59]} Rxf5 {[%emt 0:00:23]} 31. Qe6+ {[%emt 0:03:58]} Kg7 {[%emt 0:02:26]} 32. fxg5 {[%emt 0:00:06]} Qxg5+ {[%emt 0:01:04]} 33. Kh1 {[%emt 0:00:01]} Ra2 {[%emt 0:02:17]} 34. Qe7+ {[%emt 0:02:57]} Qxe7 {[%emt 0:05:57]} 35. Rxe7+ {[%emt 0:00:01]} Kf8 {[%emt 0:02:22]} 36. Ree1 {[%emt 0:03:30]} Rxf1+ {[%emt 0:05:02]} 37. Rxf1+ {[%emt 0:00:00]} Ke7 {[%emt 0:00:06]} 38. Re1+ {[%emt 0:01:26]} Kd7 {[%emt 0:02:27]} 39. Re3 {[%emt 0:00:06]} a5 {[%emt 0:02:56]} 40. Rh3 {[%emt 0:00:00]} h5 {[%emt 0:03:38]} 41. Nf4 {[%emt 0:02:18]} a4 {[%emt 0:07:25]} 42. Nxg6 {[%emt 0:06:24]} a3 {[%emt 0:02:37]} 43. Rf3 {[%emt 0:12:05]} c4 {[%emt 0:03:20]} 44. Nf4 {[%emt 0:11:39]} Ra1+ {[%emt 0:03:19]} 45. Kg2 {[%emt 0:01:21]} a2 {[%emt 0:02:11]} 46. Ra3 {[%emt 0:00:15]} c3 {[%emt 0:00:43]} 47. Ne2 {[%emt 0:09:19]} c2 {[%emt 0:01:19]} 48. Kf2 {[%emt 0:00:33]} Rh1 {[%emt 0:02:07]} 0-1

[Event "FIDE Grand Prix Palma 2017"]
[Site "Palma de Mallorca"]
[Date "2017.11.24"]
[Round "8"]
[White "Vallejo Pons, Francisco"]
[Black "Eljanov, Pavel"]
[Result "1/2-1/2"]
[WhiteElo "2705"]
[BlackElo "2707"]
[Annotator "TA"]
[PlyCount "280"]
[EventDate "2017.??.??"]
[EventType "swiss"]
[EventCountry "ESP"]
[SourceTitle "playchess.com"]
[Source "ChessBase"]
[SourceQuality "1"]

{[%evp 20,280,8,4,9,0,16,16,26,28,22,32,60,56,62,52,65,45,51,25,28,4,7,10,10,10,8,9,8,9,10,3,4,8,6,3,3,6,15,12,14,7,15,17,15,6,6,0,0,0,14,0,4,0,0,0,0,0,0,0,0,0,0,0,0,0,0,0,0,0,0,0,0,0,0,0,0,0,0,0,0,0,0,0,0,0,0,0,0,0,0,0,0,0,0,0,0,0,0,0,0,0,0,0,0,0,0,0,0,0,0,0,0,0,0,0,0,0,0,0,0,0,0,0,0,0,0,0,0,0,0,0,0,0,0,0,0,0,0,0,0,0,0,0,0,0,0,0,72,0,0,0,7,0,0,0,0,0,0,0,0,0,0,0,0,0,0,0,0,0,0,0,0,0,0,0,0,0,0,0,0,0,0,0,0,0,7,6,7,7,7,7,7,0,0,0,0,0,0,0,0,0,0,0,0,0,0,0,0,0,0,0,0,0,0,0,0,0,0,0,0,0,0,0,0,0,0,0,0,0,0,0,0,0,0,0,0,0,0,0,0,0,0,0,0,0,0,0,0,0,0,0,0,0,0,0,0,0,0,0,0,0,0]} 1. e4 e5 2. Nf3 Nc6 3. Bb5 Nf6 4. d3 Bc5 5. c3 O-O 6. O-O d6 7. h3 a6 {C65: Ruy Lopez: Berlin Defence (3...Nf6), unusual lines and 4 0-0 Bc5} 8. Ba4 Ba7 9. Re1 Ne7 {[%cal Bc6e7,Be7g6,Bg6f4][%mdl 32]} 10. Nbd2 {[%cal Bb1d2,Bd2f1,Bf1g3][%mdl 32]} Ng6 11. Nf1 {LiveBook: 55 Games} d5 $146 ({Predecessor:} 11... c6 12. Ng3 {½-½ (12) Grischuk,A (2750)-Tomashevsky,E (2696) Moscow 2017}) 12. Bg5 h6 13. Bxf6 Qxf6 14. exd5 Nf4 {[#] Hoping for ...Qg6.} 15. Ng3 Qg6 {( -> ...Qxg3)} 16. d4 exd4 17. Nxd4 Nxd5 18. Bb3 c6 19. Bxd5 cxd5 20. Qf3 Bxd4 21. cxd4 Be6 22. Nh5 Rac8 23. Rac1 Rxc1 24. Rxc1 Qe4 25. Qd1 Rc8 $132 {[%mdl 2048] Black puts up resistance} 26. Rxc8+ Bxc8 27. a3 Bf5 28. Qd2 Qd3 29. Qxd3 Bxd3 $11 {[%mdl 4096] Endgame KB-KN} 30. f3 f6 31. Nf4 Bc4 32. g3 Kf7 33. Kf2 g5 34. Ng2 Ke6 35. Ne3 Bd3 36. Ng4 h5 37. Ne3 a5 38. h4 b6 39. Nd1 Kd6 40. Nc3 Bc2 41. Ke3 Bf5 42. Nd1 Ke6 43. Nf2 Bg6 44. Kd2 Be8 45. Ke3 Bg6 46. Nh3 Bf5 47. Ng1 Bg6 48. Ne2 Bf5 49. Kd2 Kd6 50. Nc3 Bd7 51. b3 Bf5 52. Nd1 Bd7 53. Nf2 Ke6 54. Ke3 Kd6 55. Nd3 Bf5 56. Nc1 Bd7 57. Na2 Bf5 58. b4 axb4 59. Nxb4 Bb1 60. Ke2 Ke6 61. Kd2 Bg6 62. Na2 Kd6 63. Kc3 Bb1 64. Nc1 Bf5 65. Ne2 Bh3 66. Kd2 Bd7 67. f4 gxh4 68. gxh4 Bg4 69. Ng3 Kc6 70. Nf1 Kb5 71. Ne3 Bf3 72. Kc3 Ka4 73. Kb2 Be4 74. Nd1 Kb5 75. Kb3 Bd3 76. Nc3+ Kc6 77. Kb4 Kd6 78. Nd1 Kc6 79. Ne3 Kd6 80. Kc3 Be2 81. Nf5+ Kd7 82. Kb4 Kc6 83. a4 Bg4 {[#]} (83... Bd1 $11 {remains equal.}) 84. Ng7 (84. Nh6 $1 $16) 84... Be2 {The position is equal.} 85. Ne8 Kd7 86. Ng7 Kd6 87. Nf5+ Kc6 88. Ng3 Bg4 89. Nf1 Bf3 90. Ne3 Be4 91. Kb3 Kd6 92. Kc3 Kc6 93. Kb4 Bd3 94. Kc3 Be4 95. Nf1 Bf3 96. Ng3 Bg4 97. Kb4 Kc7 98. Nf1 Kc6 99. Ne3 Bd7 100. f5 Bc8 101. a5 bxa5+ 102. Kxa5 Bb7 103. Ng2 Bc8 104. Nf4 Bxf5 105. Nxh5 Kd6 106. Nxf6 Ke6 107. Nh5 {aiming for Ng7+.} Bg4 108. Ng3 Bf3 109. Kb4 Kf6 110. Kc3 Kg6 111. Kb3 Bg4 112. Kb2 Bc8 113. Kc3 Ba6 114. Kd2 Bc4 115. Ke3 Bb3 116. Kf3 Ba4 117. Kf4 Bd1 118. Nf5 {Ne3 is the strong threat.} Kh5 119. Kg3 Ba4 120. Ne3 Bc6 121. Ng4 Bb7 122. Ne5 Ba6 123. Nd7 {Black must now prevent Nf6+.} Kg6 124. Nb6 Bb7 125. Nd7 Kf5 126. Kf3 Bc6 127. Nb6 Be8 128. Nc8 {Strongly threatening Nd6+.} Bh5+ 129. Ke3 Kg4 130. Ne7 Bf7 131. Nc6 Be6 132. Nb4 Bg8 133. h5 Kg5 134. h6 Kxh6 135. Kf4 Kg7 136. Ke5 Kf7 137. Nxd5 {Intending Nf6 and mate.} Kf8 138. Kd6 Bf7 139. Nc7 Bb3 140. d5 Bxd5 {Precision: White = 83%, Black = 81%.} 1/2-1/2